Footy Tenaball #3 - Statistics

General Stats
  • This quiz has been taken 544 times
  • The average score is 4 of 10
Answer Stats
Hint Answer % Correct
#1 Moises Caicedo
95%
#2 Marc Cucurella
65%
#5 Alexis Mac Allister
64%
#3 Joao Pedro
51%
#10 Robert Sanchez
47%
#9 Leandro Trossard
35%
#4 Ben White
34%
#8 Simon Adingra
22%
#6 Yves Bissouma
22%
#7 Deniz Undav
10%
No matching quizzes found
Score Distribution
Percent of People with Each Score
Percentile by Number Answered
Your Score History
You have not taken this quiz